Normal view
MARC view
- تاليف محافظه، علي
Entry Personal Name
001 - CONTROL NUMBER
- control field: 41540
003 - CONTROL NUMBER IDENTIFIER
- control field: JO-AjAnu
005 - DATE AND TIME OF LATEST TRANSACTION
- control field: 20230606080911.0
008 - FIXED-LENGTH DATA ELEMENTS
- fixed length control field: 230606|| aca||aabn | a|a d
040 ## - CATALOGING SOURCE
- Original cataloging agency: JO-AjAnu
- Transcribing agency: JO-AjAnu
100 ## - HEADING--PERSONAL NAME
- Personal name: تاليف محافظه، علي
670 ## - SOURCE DATA FOUND
- Source citation: Work cat.: (JO-AjAnu)21286: تاليف محافظه، علي, author, تاريخ الأردن المعاصر: عهد الإمارة 1921-1946